| 000 | 01002cam a2200253 i 4500 | ||
|---|---|---|---|
| 001 | 40382 | ||
| 003 | BD-RjUL | ||
| 005 | 20211209053212.0 | ||
| 008 | 160430s2013 ii b b 001 0 eng d | ||
| 020 | _a9780415832083 | ||
| 035 | _a(BD-RjUL)40497 | ||
| 040 |
_aBD-RjUL _beng _cBD-RjUL |
||
| 041 | _aeng | ||
| 082 | 0 | 4 |
_223 _a327.54 _bPAI 2013 |
| 100 | 1 |
_aParanjpe, Shrikant, _9124394 |
|
| 245 | 1 | 0 |
_aIndia's strategic culture : _bThe making of national security policy / _cShrikant Paranjpe. |
| 260 |
_aNew York : _bRoutledge, _c2013 |
||
| 300 |
_axv, 184 pages : _bmaps ; _c23 cm |
||
| 504 | _aIncludes bibliographical references (pages 163-175) and index. | ||
| 505 | 0 | _aStrategic Culture -- India Since Independence -- India: The Application (1947-91) -- India: The Application (Post-1991) -- Internal Security and Role of the State -- India: Strategic Culture and National Security Policy. | |
| 650 | 0 |
_aNational security _zIndia. _9124395 |
|
| 942 |
_2ddc _cBK |
||
| 999 |
_c40382 _d40382 |
||